Estudi de les retribucions dels empleats de l'Administració local a la província de Barcelona

Publicado: [Barcelona] : Diputació de Barcelona , 1998
Descripción Física: 143 p. : gràf. ; 30 cm
Idioma: Catalán

MARC

LEADER 00000nam a2200000 a 4500
001 28390
003 AGDB
005 20260324181521.0
008 990308s1998 spcd || o100 ||cat
015 |a LL1999  |2 bnc 
017 |a DL B. 10584-1998  |b Biblioteca de Catalunya 
035 |a (ES-BaCBU).b22953152 
040 |a ES-BaBC  |b cat  |c ES-BaBC 
043 |a e-sp---  |b e-spcb-  |2 catmarc 
080 |a 35.087(467.11) 
245 0 0 |a Estudi de les retribucions dels empleats de l'Administració local a la província de Barcelona 
260 |a [Barcelona] :  |b Diputació de Barcelona,  |c DL 1998 
300 |a 143 p. :  |b gràf. ;  |c 30 cm 
500 |a Edició no venal 
650 7 |a Funcionaris i empleats locals  |x Salaris, etc  |z Catalunya  |z Barcelona (Província).  |2 lemac 
710 1 |a Barcelona (Catalunya : Província).  |b Diputació. 
907 |a .b22953152  |b 15-02-21  |c 07-05-08  |d 07-05-08  |e m  |f a  |g -  |h cat  |i spc  |j 0  |k 1 
908 |a BC 
940 |a BC 
942 |2 udc  |c ARXIU  |n 1 
952 |0 0  |1 0  |4 0  |6 BIB1148  |7 1  |9 96761  |a Arxiu  |b Arxiu  |d 2024-02-26  |l 0  |o Bib-1148  |p 28390  |r 2024-02-26 00:00:00  |w 2024-02-26  |y ARXIU 
999 |c 128607  |d 128607